000 00454nam a2200157 i 4500
001 135636
003 ES-MaACL
005 20230906194924.0
007 t|
008 070720s1903 sp ||||1| spa d
100 1 _aTorres Campos, Manuel.
_9110934
245 1 0 _aFin y organización de las universidades /
_cManuel Torres Campos.
260 _aMadrid :
_bRevista de Legislación,
_c1903.
300 _a15 p. ;
_c20 cm.
852 _aES-MaACL
_jT-1062-F-5
999 _c135636
_d135636